Dictionnaire national au Dictionnaire universel de la langue française / (Record no. 152058)

MARC details
000 -LEADER
campo de control de longitud fija 00838nam a22002295i 4500
001 - NÚMERO DE CONTROL
campo de control 152058
003 - IDENTIFICADOR DE NÚMERO DE CONTROL
campo de control ES-MaACL
005 - FECHA Y HORA DE LA ÚLTIMA TRANSACCIÓN
campo de control 20230906204519.0
008 - DATOS DE LONGITUD FIJA--INFORMACIÓN GENERAL
campo de control de longitud fija 981002s1861 fr |||| | fre d
040 ## - FUENTE DE CATALOGACIÓN
Centro catalogador/agencia de origen GA
Lengua de catalogación spa
Centro/agencia transcriptor CCPB | 3D
100 1# - ENTRADA PRINCIPAL--NOMBRE DE PERSONA
Nombre de persona Bescherelle, Louis-Nicolas
Títulos y otros términos asociados al nombre Aîné.
9 (RLIN) 221791
245 10 - MENCIÓN DEL TÍTULO
Título Dictionnaire national au Dictionnaire universel de la langue française /
Mención de responsabilidad, etc. par Bescherelle aîné.
250 ## - MENCION DE EDICION
Mención de edición 9ème éd.
260 ## - PUBLICACIÓN, DISTRIBUCIÓN, ETC.
Lugar de publicación, distribución, etc. Paris :
Nombre del editor, distribuidor, etc. Garnier Frères,
Fecha de publicación, distribución, etc. 1861 (
Fabricante Imprimerie de Edouard Blot)
300 ## - DESCRIPCIÓN FÍSICA
Extensión 2 v. ;
Dimensiones 32 cm.
505 8# - NOTA DE CONTENIDO CON FORMATO
Nota de contenido con formato Contiene : t. 1. A-F--t. 2. G-Z
594 #1 - Nota al título y mención de responsabilidad
Nota al título y mención de responsabilidad Precede al tít. : Monument élevé a la gloire de la langue et des lettres françaises.
597 #1 - NOTA DE DESCRIPCIÓN FÍSICA
NOTA DE DESCRIPCIÓN FÍSICA Texto a cuatro col.
752 ## - ENTRADA AGREGADA--NOMBRE JERÁRQUICO DEL LUGAR
País o entidad superior Francia -
Ciudad , París
852 ## - LOCALIZACIÓN
Ubicación ES-MaACL
Número de control de estantería G-5784-5787
Nota libre -- Enc. tela
Holdings
Estatus retirado Estado de pérdida Estado de daño No para préstamo Colección Biblioteca de origen Biblioteca actual Ubicación en estantería Fecha de adquisición Fuente de adquisición Total de préstamos Signatura topográfica completa Código de barras Visto por última vez Precio de reemplazo Tipo de ítem Koha
        Libros del s. XIX Biblioteca del Ateneo de Madrid Biblioteca del Ateneo de Madrid Depósito 2 17/01/2008     G-5784-5787 1158724 23/02/2023 23/02/2023 Libro impreso antiguo